| Tag |
First Indicator |
Second Indicator |
Subfields |
| LEADER |
00000cam a2200000 a 4500 |
| 001 |
in00001241613 |
| 005 |
20151003062858.0 |
| 008 |
940311s1994 couab b 001 0 eng |
| 010 |
|
|
|a 94010715
|
| 020 |
|
|
|a 0813388155 (alk. paper)
|
| 020 |
|
|
|a 0813323320 (pbk. : alk. paper)
|
| 035 |
|
|
|a (OCoLC)30073214
|
| 035 |
|
|
|9 AGS8965AM
|
| 040 |
|
|
|a DLC
|c DLC
|d TXA
|d UtOrBLW
|
| 043 |
|
|
|a l------
|
| 049 |
|
|
|a TXAS [mil]
|
| 050 |
0 |
0 |
|a D770
|b .T6 1994
|
| 082 |
0 |
0 |
|a 940.54/5
|2 20
|
| 245 |
0 |
0 |
|a To die gallantly :
|b the battle of the Atlantic /
|c edited by Timothy J. Runyan and Jan M. Copes.
|
| 264 |
|
1 |
|a Boulder :
|b Westview Press,
|c 1994.
|
| 300 |
|
|
|a xxvi, 347 pages :
|b illustrations, maps ;
|c 24 cm.
|
| 336 |
|
|
|a text
|b txt
|2 rdacontent
|
| 337 |
|
|
|a unmediated
|b n
|2 rdamedia
|
| 338 |
|
|
|a volume
|b nc
|2 rdacarrier
|
| 490 |
1 |
|
|a History and warfare
|
| 504 |
|
|
|a Includes bibliographical references (pages [327]-331) and index.
|
| 650 |
|
0 |
|a World War, 1939-1945
|x Campaigns
|z Atlantic Ocean.
|
| 650 |
|
0 |
|a World War, 1939-1945
|x Naval operations.
|
| 700 |
1 |
|
|a Runyan, Timothy J.
|
| 700 |
1 |
|
|a Copes, Jan M.
|
| 830 |
|
0 |
|a History and warfare.
|
| 999 |
|
|
|a MARS
|
| 999 |
f |
f |
|s 417e5b0b-ce11-3163-a782-dc81e6398650
|i 3c109435-299f-33c8-acb1-2d5ced26e0e6
|t 0
|
| 952 |
f |
f |
|p noncirc
|a Texas A&M University
|b College Station
|c Cushing Memorial Library & Archives
|d Cushing: Ragan Military (Does not check out)
|t 0
|e D770 .T6 1994
|h Library of Congress classification
|i unmediated -- volume
|m A14852652404
|
| 998 |
f |
f |
|a D770 .T6 1994
|t 0
|l Cushing: Ragan Military (Does not check out)
|